Fundamental accounting principles

Αποθηκεύτηκε σε:
Λεπτομέρειες βιβλιογραφικής εγγραφής
Κύριος συγγραφέας: Wild, John J.
Άλλοι συγγραφείς: Larson, Kermit D., Chiappetta, Barbara
Μορφή: Βιβλίο
Γλώσσα:English
Δημοσίευση: Boston : McGraw-Hill Irwin, 2007
Έκδοση:18th ed.
Θέματα:
Ετικέτες: Προσθήκη ετικέτας
Δεν υπάρχουν, Καταχωρήστε ετικέτα πρώτοι!

MARC

LEADER 00000nam a2200000 i 4500
001 1/57837
008 071010s2007 eng d
020 |a 978-0-07-110309-1 
035 |l 10091383 
040 |a GR-MY-UA  |b gre  |e aacr 
041 0 |a eng 
082 0 |a 657  |2 (22) 
100 1 |a Wild, John J. 
245 1 0 |a Fundamental accounting principles /  |c John J. Wild, Kermit D. Larson, Barbara Chiappetta 
250 |a 18th ed. 
260 |a Boston :   |b McGraw-Hill Irwin,   |c 2007 
300 |a xxxii, 10034 σ.;  |b εγχρ. εικ.;  |c 28 εκ. 
504 |a Περιλαμβάνει ευρετήριο 
650 0 0 |a Accounting. 
700 1 |a Larson, Kermit D. 
700 1 |a Chiappetta, Barbara. 
852 |a INST  |b CHIOS  |e 20071010  |h 657 WIL  |p 005200025503  |q 005200025503  |t BK  |y 0 
901 |a BIBL2-2007-3 
909 |a Χ  |b 139446 
922 |a 2ΕΛΗ  |b 200709  |c ΕΠΕΑΕΚ2/ΤΔΕ  |d ΠΑΠΑΣΩΤΗΡΙΟΥ 
970 |a ΑΤΣΑΛΗ  |b ΔΕΣΠΟΙΝΑ  |z 2007/10/10